| 000 | 00616nam a2200157 a 4500 | ||
|---|---|---|---|
| 008 | 080930s2007 ||||||||||||||||| || u | ||
| 050 | _aIBRD(08) | ||
| 100 | _aDavid, Antonio C | ||
| 245 | 1 | 0 | _aAre Price-Based capital account regulations effective in developing countries? |
| 260 |
_aWashington, D. C. _bWorld Bank _c2007 |
||
| 300 | _a27p.: ill. | ||
| 350 | _a0.00 | ||
| 490 | _aPolicy Research Working Papers | ||
| 650 | 0 | _aECONOMICS | |
| 995 |
_D0.00 _FCBU-MAIN LIBRARY (Kitwe) _H1 _I0.00 _M1 _UAVAILABLE _WSep 30, 2008 _ZInternational Publications |
||
| 999 |
_c34820 _d34820 |
||